Các siêu cường AI : Trung Quốc, Thung lũng silicon và trật tự thế giới mới

Cuốn sách phân tích cuộc đua trí tuệ nhân tạo giữa Mỹ (đại diện là Thung lũng Silicon) và Trung Quốc, làm rõ cách hai cường quốc phát triển AI theo hai hướng khác nhau: Mỹ mạnh về nghiên cứu nền tảng, còn Trung Quốc vượt trội trong ứng dụng...

Volledige beschrijving

Bewaard in:
Bibliografische gegevens
Hoofdauteur: Lee, Kai Fu
Andere auteurs: Bùi Thị Thu Trang (Dịch)
Formaat: Boek
Taal:Vietnamese
Gepubliceerd in: Tp. Hồ Chí Minh Trẻ 2023
Editie:In lần thứ 2
Onderwerpen:
Tags: Voeg label toe
Geen labels, Wees de eerste die dit record labelt!
Thư viện lưu trữ: Thư viện Trường Đại học Nam Cần Thơ
LEADER 01983nam a22002537a 4500
001 NCT_4_019666
008 250513b xxu||||| |||| 00| 0 vie d
999 |c 8957  |d 8957 
020 |a 9786041225404  |c 140000 
082 0 4 |2 23rd ed.  |a 338.47  |b L477 
100 1 |a Lee, Kai Fu  
245 1 0 |a Các siêu cường AI :   |b Trung Quốc, Thung lũng silicon và trật tự thế giới mới   |c Kai-Fu Lee ; Bùi Thị Thu Trang (Dịch) 
250 |a In lần thứ 2 
260 |a Tp. Hồ Chí Minh  |b Trẻ   |c 2023 
300 |a 345 tr.  |b Minh họa   |c 23 cm 
500 |a Tên sách tiếng Anh: AI super-powers : China, silicon valley, and the new world order 
520 3 |a Cuốn sách phân tích cuộc đua trí tuệ nhân tạo giữa Mỹ (đại diện là Thung lũng Silicon) và Trung Quốc, làm rõ cách hai cường quốc phát triển AI theo hai hướng khác nhau: Mỹ mạnh về nghiên cứu nền tảng, còn Trung Quốc vượt trội trong ứng dụng thực tiễn nhờ dữ liệu lớn và tốc độ triển khai nhanh. Tác giả cũng đồng thời cảnh báo về nguy cơ mất việc làm hàng loạt, bất bình đẳng xã hội, và kêu gọi phát triển AI theo hướng nhân văn, có đạo đức. 
653 |a Công nghệ thông tin 
700 1 |a Bùi Thị Thu Trang   |e Dịch 
942 |2 ddc  |c BK 
952 |0 0  |1 0  |2 ddc  |4 0  |6 338_470000000000000_L477  |7 0  |9 30707  |a 000001  |b 000001  |d 2025-05-13  |o 338.47 L477  |p MD.23745  |r 2025-05-13  |w 2025-05-13  |y BK 
952 |0 0  |1 0  |2 ddc  |4 0  |6 338_470000000000000_L477  |7 0  |9 30708  |a 000001  |b 000001  |d 2025-05-13  |o 338.47 L477  |p MD.23746  |r 2025-05-13  |w 2025-05-13  |y BK 
952 |0 0  |1 0  |2 ddc  |4 0  |6 338_470000000000000_L477  |7 0  |9 30709  |a 000001  |b 000001  |d 2025-05-13  |o 338.47 L477  |p MD.23747  |r 2025-05-13  |w 2025-05-13  |y BK 
980 |a Thư viện Trường Đại học Nam Cần Thơ